000 00635nam a2200181Ia 4500
008 100920s9999 xx 000 0 und d
082 _b100907
_a891.43 न 08
100 _aयादव राजेंद्र.
245 _aप्रेमचंद की विरासत.
260 _bसामायिक प्रकाशन ,दिल्ली.
_c2008
300 _a192
_bसाधी
365 _b200
520 _aहिंदी.
630 _aप्रेमचंद की विरासत.
650 _aहिंदी.
730 _aप्रेमचंद की विरासत.
942 _cBOOK
999 _c741344
_d741341